000 01158nam a22002775i 4500
001 156860
003 ES-MaACL
005 20250724063420.0
008 940206s1773 it |||| | ita d
040 _aCAV
_bspa
100 1 _aLadvocat, Jean-Baptiste,
_d1709-1765
_9128574
245 1 0 _aDizionario storico portatile che contiene la storia de' patriarchi, de' principi ebrei, degl' imperadori, de' re... e... di tutti gli nomini illustri nelle arti e nelle scienze... /
_ccomposto in francese dal signor abate Ladvocat... e transportato in italiano... ; tomo terzo.
250 _aEdizione novissima...
260 _eIn Bassano :
_ba spese Remondini di Venezia,
_c1773.
300 _a263 p. ;
_c8\so\p.
595 1 _aDatos de la ed. preceden a tomo terzo.
597 1 _aSign.: A-Q>8<, R>4<.
597 1 _aPort. con marca tip.
597 1 _aTexto a dos col.
650 0 _aBiografĂ­as-
_xDiccionarios
_9222681
700 1 1 _aRemondini, Giuseppe,
_dfl.1773-1811
_eed.
_9241383
752 _aItalia -
_d, Bassano
852 _aES-MaACL
_jR-405-6
_z-- Enc. pasta
_x Olim : D-949-50
999 _c156860
_d156860